Statistics for Every Pusha T Song on the Billboard Hot 100

Click here to take the quiz!

General Stats

  • This quiz has been taken 32 times
    (21 since last reset)
  • The average score is 4 of 8

Answer Stats

#YearSong% Correct
732018If You Know You Know
71%
752018What Would Meek Do? ft. Kanye West
59%
652018Infrared
53%
122010Runaway (Kanye West)
53%
132012Mercy (Kanye West, Big Sean & 2 Chainz)
47%
1002018The Games We Play
47%
892012New God Flow (Kanye West)
29%
462014Move That Dope (Future) ft. Pharrell Williams & Casino
24%

Score Distribution

Percentile by Number Answered

Percent of People with Each Score

Your Score History

You have not taken this quiz since the last reset